Tilastot visalle Nopeaa matikkaa - kertolaskut

Klikkaa tästä pelataksesi tätä visaa!

Yleistilastot

  • Tätä visaa on pelattu 129 kertaa
  • Keskiarvotulos 11 / 20

Vastaustilastot

ProblemSolution% Oikein
34 x 3102
100%
52 x 2104
100%
26 x 4104
100%
35 x 3105
100%
18 x 6108
100%
36 x 3108
100%
22 x 5110
100%
11 x 10110
100%
14 x 8112
100%
28 x 4112
100%
29 x 4116
100%
59 x 2118
100%
6 x 212
100%
4 x 312
100%
40 x 3120
100%
20 x 6120
100%
60 x 2120
100%
11 x 11121
100%
41 x 3123
100%
31 x 4124
100%
32 x 4128
100%
43 x 3129
100%
26 x 5130
100%
65 x 2130
100%
44 x 3132
100%
27 x 5135
100%
45 x 3135
100%
46 x 3138
100%
14 x 10140
100%
47 x 3141
100%
71 x 2142
100%
72 x 2144
100%
48 x 3144
100%
29 x 5145
100%
15 x 10150
100%
25 x 6150
100%
30 x 5150
100%
50 x 3150
100%
19 x 8152
100%
17 x 9153
100%
51 x 3153
100%
22 x 7154
100%
77 x 2154
100%
13 x 12156
100%
78 x 2156
100%
79 x 2158
100%
4 x 416
100%
8 x 216
100%
32 x 5160
100%
16 x 10160
100%
82 x 2164
100%
33 x 5165
100%
55 x 3165
100%
83 x 2166
100%
17 x 10170
100%
29 x 6174
100%
16 x 11176
100%
89 x 2178
100%
20 x 9180
100%
90 x 2180
100%
30 x 6180
100%
18 x 10180
100%
61 x 3183
100%
93 x 2186
100%
17 x 11187
100%
19 x 10190
100%
95 x 2190
100%
24 x 8192
100%
64 x 3192
100%
48 x 4192
100%
97 x 2194
100%
98 x 2196
100%
49 x 4196
100%
33 x 6198
100%
66 x 3198
100%
5 x 420
100%
40 x 5200
100%
25 x 8200
100%
34 x 6204
100%
23 x 9207
100%
52 x 4208
100%
19 x 11209
100%
7 x 321
100%
53 x 4212
100%
54 x 4216
100%
24 x 9216
100%
11 x 222
100%
32 x 7224
100%
45 x 5225
100%
75 x 3225
100%
76 x 3228
100%
39 x 6234
100%
47 x 5235
100%
17 x 14238
100%
34 x 7238
100%
80 x 3240
100%
24 x 10240
100%
60 x 4240
100%
81 x 3243
100%
49 x 5245
100%
82 x 3246
100%
41 x 6246
100%
83 x 3249
100%
5 x 525
100%
25 x 10250
100%
50 x 5250
100%
28 x 9252
100%
13 x 226
100%
44 x 6264
100%
53 x 5265
100%
90 x 3270
100%
68 x 4272
100%
91 x 3273
100%
92 x 3276
100%
7 x 428
100%
14 x 228
100%
28 x 10280
100%
40 x 7280
100%
56 x 5280
100%
94 x 3282
100%
57 x 5285
100%
26 x 11286
100%
29 x 10290
100%
59 x 5295
100%
37 x 8296
100%
99 x 3297
100%
15 x 230
100%
6 x 530
100%
10 x 330
100%
30 x 10300
100%
50 x 6300
100%
38 x 8304
100%
76 x 4304
100%
61 x 5305
100%
34 x 9306
100%
62 x 5310
100%
31 x 10310
100%
24 x 13312
100%
45 x 7315
100%
79 x 4316
100%
16 x 232
100%
20 x 16320
100%
81 x 4324
100%
65 x 5325
100%
11 x 333
100%
55 x 6330
100%
42 x 8336
100%
86 x 4344
100%
35 x 10350
100%
50 x 7350
100%
27 x 13351
100%
88 x 4352
100%
44 x 8352
100%
12 x 336
100%
9 x 436
100%
20 x 18360
100%
37 x 10370
100%
53 x 7371
100%
22 x 17374
100%
75 x 5375
100%
47 x 8376
100%
63 x 6378
100%
19 x 238
100%
95 x 4380
100%
97 x 4388
100%
13 x 339
100%
39 x 10390
100%
20 x 240
100%
8 x 540
100%
20 x 20400
100%
80 x 5400
100%
45 x 9405
100%
51 x 8408
100%
38 x 11418
100%
21 x 242
100%
14 x 342
100%
70 x 6420
100%
30 x 14420
100%
35 x 12420
100%
42 x 10420
100%
71 x 6426
100%
43 x 10430
100%
22 x 20440
100%
56 x 8448
100%
15 x 345
100%
9 x 545
100%
50 x 9450
100%
41 x 11451
100%
38 x 12456
100%
47 x 10470
100%
94 x 5470
100%
95 x 5475
100%
12 x 448
100%
16 x 348
100%
23 x 21483
100%
62 x 8496
100%
10 x 550
100%
25 x 20500
100%
84 x 6504
100%
17 x 351
100%
51 x 10510
100%
34 x 15510
100%
26 x 252
100%
40 x 13520
100%
26 x 20520
100%
25 x 21525
100%
44 x 12528
100%
53 x 10530
100%
9 x 654
100%
45 x 12540
100%
90 x 6540
100%
27 x 20540
100%
30 x 18540
100%
60 x 9540
100%
91 x 6546
100%
62 x 9558
100%
28 x 20560
100%
80 x 7560
100%
19 x 357
100%
57 x 10570
100%
30 x 19570
100%
52 x 11572
100%
58 x 10580
100%
49 x 12588
100%
3 x 26
100%
20 x 360
100%
15 x 460
100%
50 x 12600
100%
75 x 8600
100%
9 x 763
100%
13 x 565
100%
22 x 366
100%
33 x 266
100%
34 x 268
100%
36 x 272
100%
9 x 872
100%
12 x 672
100%
37 x 274
100%
15 x 575
100%
25 x 375
100%
19 x 476
100%
26 x 378
100%
40 x 280
100%
9 x 981
100%
27 x 381
100%
42 x 284
100%
17 x 585
100%
43 x 286
100%
10 x 990
100%
18 x 590
100%
30 x 390
100%
19 x 595
100%
32 x 396
100%
14 x 798
100%
33 x 399
100%
11 x 888
80%
23 x 5115
75%
25 x 7175
75%
25 x 5125
67%
75 x 7525
67%
39 x 278
67%
10 x 10100
50%
34 x 4136
50%
28 x 5140
50%
43 x 4172
50%
27 x 7189
50%
25 x 9225
50%
88 x 3264
50%
25 x 11275
50%
46 x 6276
50%
35 x 8280
50%
41 x 7287
50%
32 x 9288
50%
17 x 17289
50%
97 x 3291
50%
73 x 4292
50%
52 x 6312
50%
36 x 9324
50%
66 x 5330
50%
36 x 10360
50%
40 x 9360
50%
31 x 12372
50%
94 x 4376
50%
30 x 13390
50%
27 x 15405
50%
87 x 5435
50%
44 x 10440
50%
89 x 5445
50%
39 x 12468
50%
40 x 12480
50%
96 x 5480
50%
41 x 12492
50%
30 x 17510
50%
29 x 19551
50%
69 x 8552
50%
71 x 8568
50%
44 x 13572
50%
36 x 16576
50%
29 x 20580
50%
84 x 7588
50%
10 x 660
50%
30 x 20600
50%
31 x 393
50%
47 x 294
50%
49 x 298
50%
29 x 9261
40%
92 x 2184
33%
67 x 4268
33%
38 x 9342
33%
93 x 5465
33%
82 x 6492
33%
39 x 15585
33%
5 x 210
0%
20 x 5100
0%
25 x 4100
0%
50 x 2100
0%
51 x 2102
0%
17 x 6102
0%
13 x 8104
0%
15 x 7105
0%
21 x 5105
0%
53 x 2106
0%
12 x 9108
0%
27 x 4108
0%
54 x 2108
0%
55 x 2110
0%
37 x 3111
0%
56 x 2112
0%
16 x 7112
0%
38 x 3114
0%
57 x 2114
0%
19 x 6114
0%
58 x 2116
0%
13 x 9117
0%
39 x 3117
0%
17 x 7119
0%
30 x 4120
0%
24 x 5120
0%
12 x 10120
0%
15 x 8120
0%
61 x 2122
0%
62 x 2124
0%
63 x 2126
0%
14 x 9126
0%
18 x 7126
0%
21 x 6126
0%
42 x 3126
0%
16 x 8128
0%
64 x 2128
0%
13 x 10130
0%
33 x 4132
0%
22 x 6132
0%
66 x 2132
0%
12 x 11132
0%
19 x 7133
0%
67 x 2134
0%
15 x 9135
0%
68 x 2136
0%
17 x 8136
0%
69 x 2138
0%
23 x 6138
0%
7 x 214
0%
35 x 4140
0%
70 x 2140
0%
20 x 7140
0%
13 x 11143
0%
18 x 8144
0%
36 x 4144
0%
24 x 6144
0%
12 x 12144
0%
16 x 9144
0%
73 x 2146
0%
21 x 7147
0%
49 x 3147
0%
74 x 2148
0%
37 x 4148
0%
5 x 315
0%
75 x 2150
0%
38 x 4152
0%
76 x 2152
0%
14 x 11154
0%
31 x 5155
0%
39 x 4156
0%
52 x 3156
0%
26 x 6156
0%
53 x 3159
0%
80 x 2160
0%
20 x 8160
0%
40 x 4160
0%
23 x 7161
0%
27 x 6162
0%
81 x 2162
0%
54 x 3162
0%
18 x 9162
0%
41 x 4164
0%
15 x 11165
0%
14 x 12168
0%
21 x 8168
0%
84 x 2168
0%
24 x 7168
0%
56 x 3168
0%
42 x 4168
0%
28 x 6168
0%
13 x 13169
0%
85 x 2170
0%
34 x 5170
0%
57 x 3171
0%
19 x 9171
0%
86 x 2172
0%
87 x 2174
0%
58 x 3174
0%
35 x 5175
0%
44 x 4176
0%
88 x 2176
0%
22 x 8176
0%
59 x 3177
0%
9 x 218
0%
6 x 318
0%
45 x 4180
0%
60 x 3180
0%
36 x 5180
0%
15 x 12180
0%
14 x 13182
0%
91 x 2182
0%
26 x 7182
0%
23 x 8184
0%
46 x 4184
0%
37 x 5185
0%
31 x 6186
0%
62 x 3186
0%
94 x 2188
0%
47 x 4188
0%
21 x 9189
0%
63 x 3189
0%
38 x 5190
0%
96 x 2192
0%
32 x 6192
0%
16 x 12192
0%
65 x 3195
0%
15 x 13195
0%
39 x 5195
0%
14 x 14196
0%
28 x 7196
0%
18 x 11198
0%
99 x 2198
0%
22 x 9198
0%
10 x 220
0%
50 x 4200
0%
20 x 10200
0%
67 x 3201
0%
29 x 7203
0%
51 x 4204
0%
17 x 12204
0%
68 x 3204
0%
41 x 5205
0%
69 x 3207
0%
26 x 8208
0%
16 x 13208
0%
15 x 14210
0%
70 x 3210
0%
35 x 6210
0%
30 x 7210
0%
21 x 10210
0%
42 x 5210
0%
71 x 3213
0%
43 x 5215
0%
72 x 3216
0%
36 x 6216
0%
27 x 8216
0%
18 x 12216
0%
31 x 7217
0%
73 x 3219
0%
55 x 4220
0%
20 x 11220
0%
44 x 5220
0%
22 x 10220
0%
17 x 13221
0%
37 x 6222
0%
74 x 3222
0%
56 x 4224
0%
28 x 8224
0%
16 x 14224
0%
15 x 15225
0%
38 x 6228
0%
57 x 4228
0%
19 x 12228
0%
23 x 10230
0%
46 x 5230
0%
77 x 3231
0%
33 x 7231
0%
21 x 11231
0%
29 x 8232
0%
58 x 4232
0%
78 x 3234
0%
26 x 9234
0%
18 x 13234
0%
59 x 4236
0%
79 x 3237
0%
6 x 424
0%
8 x 324
0%
12 x 224
0%
16 x 15240
0%
30 x 8240
0%
48 x 5240
0%
40 x 6240
0%
20 x 12240
0%
22 x 11242
0%
27 x 9243
0%
61 x 4244
0%
35 x 7245
0%
19 x 13247
0%
62 x 4248
0%
31 x 8248
0%
36 x 7252
0%
42 x 6252
0%
63 x 4252
0%
18 x 14252
0%
21 x 12252
0%
84 x 3252
0%
23 x 11253
0%
17 x 15255
0%
51 x 5255
0%
85 x 3255
0%
16 x 16256
0%
64 x 4256
0%
32 x 8256
0%
43 x 6258
0%
86 x 3258
0%
37 x 7259
0%
65 x 4260
0%
52 x 5260
0%
26 x 10260
0%
20 x 13260
0%
87 x 3261
0%
33 x 8264
0%
22 x 12264
0%
24 x 11264
0%
66 x 4264
0%
19 x 14266
0%
38 x 7266
0%
89 x 3267
0%
9 x 327
0%
45 x 6270
0%
30 x 9270
0%
54 x 5270
0%
18 x 15270
0%
27 x 10270
0%
17 x 16272
0%
34 x 8272
0%
21 x 13273
0%
39 x 7273
0%
55 x 5275
0%
23 x 12276
0%
69 x 4276
0%
31 x 9279
0%
93 x 3279
0%
20 x 14280
0%
70 x 4280
0%
47 x 6282
0%
71 x 4284
0%
19 x 15285
0%
95 x 3285
0%
22 x 13286
0%
72 x 4288
0%
18 x 16288
0%
48 x 6288
0%
24 x 12288
0%
36 x 8288
0%
96 x 3288
0%
58 x 5290
0%
98 x 3294
0%
42 x 7294
0%
49 x 6294
0%
21 x 14294
0%
74 x 4296
0%
27 x 11297
0%
33 x 9297
0%
23 x 13299
0%
60 x 5300
0%
75 x 4300
0%
25 x 12300
0%
20 x 15300
0%
43 x 7301
0%
19 x 16304
0%
18 x 17306
0%
51 x 6306
0%
22 x 14308
0%
77 x 4308
0%
44 x 7308
0%
28 x 11308
0%
78 x 4312
0%
26 x 12312
0%
39 x 8312
0%
21 x 15315
0%
35 x 9315
0%
63 x 5315
0%
53 x 6318
0%
29 x 11319
0%
8 x 432
0%
32 x 10320
0%
80 x 4320
0%
40 x 8320
0%
64 x 5320
0%
23 x 14322
0%
46 x 7322
0%
19 x 17323
0%
54 x 6324
0%
27 x 12324
0%
18 x 18324
0%
25 x 13325
0%
41 x 8328
0%
82 x 4328
0%
47 x 7329
0%
22 x 15330
0%
33 x 10330
0%
30 x 11330
0%
83 x 4332
0%
37 x 9333
0%
67 x 5335
0%
56 x 6336
0%
28 x 12336
0%
48 x 7336
0%
21 x 16336
0%
24 x 14336
0%
84 x 4336
0%
26 x 13338
0%
17 x 234
0%
85 x 4340
0%
20 x 17340
0%
34 x 10340
0%
68 x 5340
0%
31 x 11341
0%
57 x 6342
0%
19 x 18342
0%
49 x 7343
0%
43 x 8344
0%
23 x 15345
0%
69 x 5345
0%
87 x 4348
0%
29 x 12348
0%
58 x 6348
0%
7 x 535
0%
70 x 5350
0%
25 x 14350
0%
39 x 9351
0%
22 x 16352
0%
32 x 11352
0%
59 x 6354
0%
71 x 5355
0%
89 x 4356
0%
51 x 7357
0%
21 x 17357
0%
6 x 636
0%
18 x 236
0%
60 x 6360
0%
30 x 12360
0%
45 x 8360
0%
90 x 4360
0%
24 x 15360
0%
72 x 5360
0%
19 x 19361
0%
33 x 11363
0%
91 x 4364
0%
28 x 13364
0%
52 x 7364
0%
26 x 14364
0%
73 x 5365
0%
61 x 6366
0%
46 x 8368
0%
23 x 16368
0%
92 x 4368
0%
41 x 9369
0%
74 x 5370
0%
62 x 6372
0%
93 x 4372
0%
34 x 11374
0%
25 x 15375
0%
29 x 13377
0%
54 x 7378
0%
21 x 18378
0%
42 x 9378
0%
27 x 14378
0%
76 x 5380
0%
38 x 10380
0%
20 x 19380
0%
64 x 6384
0%
24 x 16384
0%
32 x 12384
0%
96 x 4384
0%
48 x 8384
0%
35 x 11385
0%
77 x 5385
0%
55 x 7385
0%
43 x 9387
0%
65 x 6390
0%
78 x 5390
0%
26 x 15390
0%
23 x 17391
0%
49 x 8392
0%
56 x 7392
0%
28 x 14392
0%
98 x 4392
0%
79 x 5395
0%
36 x 11396
0%
33 x 12396
0%
44 x 9396
0%
66 x 6396
0%
22 x 18396
0%
99 x 4396
0%
21 x 19399
0%
57 x 7399
0%
2 x 24
0%
10 x 440
0%
25 x 16400
0%
40 x 10400
0%
50 x 8400
0%
67 x 6402
0%
31 x 13403
0%
81 x 5405
0%
58 x 7406
0%
29 x 14406
0%
37 x 11407
0%
34 x 12408
0%
24 x 17408
0%
68 x 6408
0%
82 x 5410
0%
41 x 10410
0%
59 x 7413
0%
46 x 9414
0%
69 x 6414
0%
23 x 18414
0%
83 x 5415
0%
26 x 16416
0%
52 x 8416
0%
32 x 13416
0%
22 x 19418
0%
7 x 642
0%
60 x 7420
0%
84 x 5420
0%
28 x 15420
0%
21 x 20420
0%
47 x 9423
0%
53 x 8424
0%
85 x 5425
0%
25 x 17425
0%
61 x 7427
0%
33 x 13429
0%
39 x 11429
0%
86 x 5430
0%
54 x 8432
0%
36 x 12432
0%
72 x 6432
0%
27 x 16432
0%
24 x 18432
0%
48 x 9432
0%
62 x 7434
0%
31 x 14434
0%
29 x 15435
0%
23 x 19437
0%
73 x 6438
0%
11 x 444
0%
22 x 244
0%
55 x 8440
0%
88 x 5440
0%
40 x 11440
0%
21 x 21441
0%
63 x 7441
0%
49 x 9441
0%
26 x 17442
0%
34 x 13442
0%
37 x 12444
0%
74 x 6444
0%
64 x 7448
0%
28 x 16448
0%
32 x 14448
0%
45 x 10450
0%
25 x 18450
0%
75 x 6450
0%
90 x 5450
0%
30 x 15450
0%
35 x 13455
0%
91 x 5455
0%
65 x 7455
0%
24 x 19456
0%
76 x 6456
0%
57 x 8456
0%
27 x 17459
0%
51 x 9459
0%
23 x 246
0%
23 x 20460
0%
92 x 5460
0%
46 x 10460
0%
77 x 6462
0%
22 x 21462
0%
66 x 7462
0%
33 x 14462
0%
42 x 11462
0%
58 x 8464
0%
29 x 16464
0%
31 x 15465
0%
36 x 13468
0%
78 x 6468
0%
26 x 18468
0%
52 x 9468
0%
67 x 7469
0%
59 x 8472
0%
43 x 11473
0%
79 x 6474
0%
25 x 19475
0%
28 x 17476
0%
34 x 14476
0%
68 x 7476
0%
53 x 9477
0%
8 x 648
0%
24 x 248
0%
80 x 6480
0%
60 x 8480
0%
32 x 15480
0%
24 x 20480
0%
30 x 16480
0%
48 x 10480
0%
37 x 13481
0%
69 x 7483
0%
22 x 22484
0%
44 x 11484
0%
97 x 5485
0%
27 x 18486
0%
54 x 9486
0%
81 x 6486
0%
61 x 8488
0%
7 x 749
0%
35 x 14490
0%
49 x 10490
0%
98 x 5490
0%
70 x 7490
0%
29 x 17493
0%
26 x 19494
0%
38 x 13494
0%
45 x 11495
0%
55 x 9495
0%
33 x 15495
0%
99 x 5495
0%
31 x 16496
0%
71 x 7497
0%
83 x 6498
0%
25 x 250
0%
50 x 10500
0%
72 x 7504
0%
36 x 14504
0%
63 x 8504
0%
56 x 9504
0%
24 x 21504
0%
42 x 12504
0%
28 x 18504
0%
46 x 11506
0%
23 x 22506
0%
39 x 13507
0%
85 x 6510
0%
73 x 7511
0%
32 x 16512
0%
64 x 8512
0%
27 x 19513
0%
57 x 9513
0%
86 x 6516
0%
43 x 12516
0%
47 x 11517
0%
74 x 7518
0%
37 x 14518
0%
13 x 452
0%
52 x 10520
0%
65 x 8520
0%
29 x 18522
0%
87 x 6522
0%
58 x 9522
0%
35 x 15525
0%
31 x 17527
0%
48 x 11528
0%
24 x 22528
0%
33 x 16528
0%
88 x 6528
0%
66 x 8528
0%
23 x 23529
0%
59 x 9531
0%
38 x 14532
0%
28 x 19532
0%
76 x 7532
0%
41 x 13533
0%
89 x 6534
0%
67 x 8536
0%
77 x 7539
0%
49 x 11539
0%
18 x 354
0%
27 x 254
0%
36 x 15540
0%
54 x 10540
0%
34 x 16544
0%
32 x 17544
0%
68 x 8544
0%
39 x 14546
0%
78 x 7546
0%
26 x 21546
0%
42 x 13546
0%
61 x 9549
0%
11 x 555
0%
55 x 10550
0%
25 x 22550
0%
50 x 11550
0%
24 x 23552
0%
92 x 6552
0%
46 x 12552
0%
79 x 7553
0%
37 x 15555
0%
31 x 18558
0%
93 x 6558
0%
43 x 13559
0%
28 x 256
0%
14 x 456
0%
8 x 756
0%
35 x 16560
0%
70 x 8560
0%
56 x 10560
0%
40 x 14560
0%
33 x 17561
0%
51 x 11561
0%
94 x 6564
0%
47 x 12564
0%
63 x 9567
0%
81 x 7567
0%
27 x 21567
0%
38 x 15570
0%
95 x 6570
0%
26 x 22572
0%
82 x 7574
0%
41 x 14574
0%
25 x 23575
0%
96 x 6576
0%
32 x 18576
0%
48 x 12576
0%
64 x 9576
0%
24 x 24576
0%
72 x 8576
0%
34 x 17578
0%
29 x 258
0%
83 x 7581
0%
97 x 6582
0%
53 x 11583
0%
73 x 8584
0%
65 x 9585
0%
45 x 13585
0%
42 x 14588
0%
98 x 6588
0%
28 x 21588
0%
31 x 19589
0%
59 x 10590
0%
74 x 8592
0%
37 x 16592
0%
33 x 18594
0%
27 x 22594
0%
66 x 9594
0%
54 x 11594
0%
99 x 6594
0%
35 x 17595
0%
85 x 7595
0%
26 x 23598
0%
46 x 13598
0%
12 x 560
0%
30 x 260
0%
60 x 10600
0%
40 x 15600
0%
25 x 24600
0%
31 x 262
0%
21 x 363
0%
32 x 264
0%
16 x 464
0%
8 x 864
0%
11 x 666
0%
17 x 468
0%
23 x 369
0%
35 x 270
0%
10 x 770
0%
14 x 570
0%
18 x 472
0%
24 x 372
0%
38 x 276
0%
11 x 777
0%
13 x 678
0%
4 x 28
0%
16 x 580
0%
20 x 480
0%
10 x 880
0%
41 x 282
0%
12 x 784
0%
28 x 384
0%
21 x 484
0%
14 x 684
0%
29 x 387
0%
44 x 288
0%
22 x 488
0%
3 x 39
0%
15 x 690
0%
45 x 290
0%
13 x 791
0%
23 x 492
0%
46 x 292
0%
16 x 696
0%
48 x 296
0%
24 x 496
0%
12 x 896
0%
11 x 999
0%

Tulosjakauma

Persentiili vastausten määrän mukaan

Jokaisen tuloksen saaneiden osuus

Tuloshistoriasi

Et ole pelannut tätä visaa